000 00774nam a2200181Ia 4500
008 0000001988 usad 0000000000eng00
090 _aPSP29 C37f
245 1 0 _aFemme ... la mandoline by Pablo Picasso
_b: property of Hester Diamond
_c/ Christie's
300 _a25 p.
_c/ 25 cm.
500 _aExposición realizada en Christie's, New York, noviembre 15 de 1988 \ Registro auspiciado por la FGAA. Bogotá
501 _aThe cubist revution Femme ... la mandoline Provenance
600 0 0 _aPICASSO, PABLO, 18811973/
_xTRABAJOS PICTORICOS
650 1 4 _aARTE CONTEMPORANEO ESPAÑOL SUBASTAS
650 1 4 _aARTISTAS PLASTICOS ESPAÑOL SUBASTAS
650 1 4 _xCATALOGOS
650 1 4 _aPINTURA ESPAÑOLA SUBASTAS
999 _c10401
_d10401
260 _aNew York : Christie's
_c1988